00317nam a2200121Ia 4500008004100000041000800041082001500049100001900064245003900083260003500122300003100157365000700188240624s9999 xx 000 0 und d aeng a658.45 MIS aMISHRA SUMIRTA aCOMMUNICATION SKILLS FOR ENGINEERS c2004aDelhibPearson Education axii, : 257 : p. : cm. ; 24 cRS